000 00442nam a2200157Ia 4500
008 210716s2008 xx 000 0 und d
020 _a9788127244019
041 _aeng
082 _a657.046 JAIS
100 _aJain, S P;Narang, K L.
245 _aAdvanced accountancy: corporate accounting.
_bcorporate accounting.
260 _aNew Delhi
_bKalyani Publishers
_c2008
300 _aII-1230,118
440 _vII
650 _aAccounting(657)
999 _c202644
_d202644